Villes françaises et régions (lettre O) - Statistiques

Statistiques générales
  • Ce quiz a été pris 29 fois
  • Le résultat moyen est 13 sur 25
Statistiques - réponses
Hint Réponse % Correct
Oberschaeffolsheim Grand Est
88%
Ouessant Bretagne
81%
Orly Île-de-France
81%
Orléans Centre-Val-de-Loire
77%
Orsay Île-de-France
77%
Oletta Corse
73%
Oyonnax Auvergne-Rhône-Alpes
69%
Offekerque Hauts-de-France
65%
Orange Provence-Alpes-Côte-d'Azur
65%
Oullins-Pierre-Bénite Auvergne-Rhône-Alpes
62%
Octeville-sur-Mer Normandie
58%
Oloron-Sainte-Marie Nouvelle-Aquitaine
54%
Orthez Nouvelle-Aquitaine
54%
Oradour-sur-Glane Nouvelle-Aquitaine
50%
Orée d'Anjou Pays de la Loire
42%
Ornans Bourgogne-Franche-Comté
38%
Obernai Grand Est
38%
Ouistreham Normandie
38%
Olivet Centre-Val-de-Loire
27%
Orvault Pays de la Loire
27%
Ozoir-la-Ferrière Île-de-France
23%
Onet-le-Château Occitanie
19%
Oraison Provence-Alpes-Côte-d'Azur
19%
Opio Provence-Alpes-Côte-d'Azur
15%
Offemont Bourgogne-Franche-Comté
12%
Aucun quiz correspondant
Distribution des résultats
% des personnes avec chaque résultat
Percentile par nombre de réponses
Votre historique - résultats
Vous n’avez pas pris ce quiz